Southville International School and Colleges
Your cart is empty.
  • Cart
  • Lists
    Public lists Eva Luna New books Lux_list list_1
    Your lists Log in to create your own lists
  • Log in to your account
  • Your cookies
  • Search history
Southville International School and Colleges
  • Advanced search
  • Recent comments
  • Most popular
  • Libraries

Log in to your account

Log in with GOOGLE


If you do not have an external account, but do have a local account, you can still log in:

  1. Home
  2. MARC view: Bigger, faster, stronger /
Normal view MARC view ISBD view

Bigger, faster, stronger / (Record no. 24903)

[ view plain ]
MARC details
000 -LEADER
fixed length control field 00602nam a2200205 a 4500
005 - DATE AND TIME OF LATEST TRANSACTION
control field 20140310183548.0
008 - FIXED-LENGTH DATA ELEMENTS--GENERAL INFORMATION
fixed length control field 110928s19uu xx 00 eng d
020 ## - INTERNATIONAL STANDARD BOOK NUMBER
International Standard Book Number 9780736079631
050 ## - LIBRARY OF CONGRESS CALL NUMBER
Classification number GV 346
Item number .Sh55 2009
100 ## - MAIN ENTRY--PERSONAL NAME
Personal name Shepard, Greg
245 ## - TITLE STATEMENT
Title Bigger, faster, stronger /
Statement of responsibility, etc Greg Shepard.
250 ## - EDITION STATEMENT
Edition statement 2nd ed.
260 ## - PUBLICATION, DISTRIBUTION, ETC. (IMPRINT)
Place of publication, distribution, etc IL, USA :
Name of publisher, distributor, etc Human Kinetics,
Date of publication, distribution, etc 2009.
300 ## - PHYSICAL DESCRIPTION
Extent 227 p. :
Other physical details ill. ;
Dimensions 27 cm.
650 ## - SUBJECT ADDED ENTRY--TOPICAL TERM
Topical term or geographic name as entry element High school athletes
General subdivision Training
650 ## - SUBJECT ADDED ENTRY--TOPICAL TERM
Topical term or geographic name as entry element School sports
650 ## - SUBJECT ADDED ENTRY--TOPICAL TERM
Topical term or geographic name as entry element Physical education and training
General subdivision Study and teaching
942 ## - ADDED ENTRY ELEMENTS (KOHA)
Koha item type Books
Source of classification or shelving scheme Library of Congress Classification
Call number prefix Foreign
Holdings
Withdrawn status Lost status Source of classification or shelving scheme Damaged status Home library Current library Shelving location Date acquired Source of acquisition Cost, normal purchase price Total Checkouts Full call number Barcode Date last seen Copy number Price effective from Koha item type
    Library of Congress Classification   College Library College Library General Circulation Section 09/28/2011 Donation 1866.00   GV 346 .Sh55 2009 C13659 05/15/2018 1 10/18/2013 Books

Bigger, faster, stronger /

APA

Shepard G., . (2009). Bigger, faster, stronger. IL, USA: Human Kinetics.

Chicago

Shepard Greg, . 2009. Bigger, faster, stronger. IL, USA: Human Kinetics.

Harvard

Shepard G., . (2009). Bigger, faster, stronger. IL, USA: Human Kinetics.

MLA

Shepard Greg, . Bigger, faster, stronger. IL, USA: Human Kinetics. 2009.

  • Place hold
  • Print
  • Cite
  • Add to your cart (remove)
  • Save record
    BIBTEX Dublin Core MARCXML MARC (non-Unicode/MARC-8) MARC (Unicode/UTF-8) MARC (Unicode/UTF-8, Standard) MODS (XML) RIS
  • More searches
    Search for this title in:
    Other Libraries (WorldCat) Other Databases (Google Scholar) Online Stores (Bookfinder.com) Open Library (openlibrary.org)

Exporting to Dublin Core...

SOUTHVILLE LIBRARY

Southville International School and Colleges Library

1281 Tropical Ave. Cor. Luxembourg St., BF Homes International, Las Pinas City

Tel. No. 8256374 / 252358 Loc. 117/146

Powered by Koha